000 00738nam a22002295i 4500
001 155668
003 ES-MaACL
005 20250716062624.0
008 970724s1872 fr |||| | fre d
040 _aCLM
_bspa
_cCLM
080 _a821.133.1-31"18"
100 1 _aHugo, Victor,
_d1802-1885
_964627
245 1 3 _aL' année terrible /
_cVictor Hugo.
250 _a6ª ed.
260 _aParís :
_bMichel Lévy Frères, éditeurs,
_c1872.
300 _a[8], 427 p. ;
_c22 cm.
490 1 _aOeuvres de Victor Hugo
596 2 _aMarca tip. en port.
830 0 _aOeuvres de Victor Hugo
_9221588
852 _aES-MaACL
_jE-13074
_z.- Legado M de la Fuente
_z-- Enc. hol.
_x-- Edic.: El imp. es "J. Claye"
999 _c155668
_d155668